000 00851nam a2200253 i 4500
001 91837
003 ES-MaACL
005 20230906180830.0
007 t|
008 050223s1997 sp ||||1| spa d
020 _a84-472-0398-0
080 _a821.134.2-22"17"
100 1 _aTrigueros, Cándido María.
_9111416
245 1 4 _aLos menestrales /
_cCándido María Trigueros ; edición, introducción y notas por Francisco Aguilar Piñal.
260 _aSevilla :
_bUniversidad de Sevilla ;
_aCarmona :
_bAyuntamiento de Carmona,
_c[1997]
300 _a200 p. ;
_c21 cm.
490 1 _aLiteratura ;
_v31
700 1 _aAguilar Piñal, Francisco.
_918744
710 2 _aUniversidad de Sevilla.
_97301
710 1 _aCarmona.
_bAyuntamiento.
_92446
830 1 _aLiteratura ;
_v31
_9177860
852 _aES-MaACL
_jL-28879
999 _c91837
_d91837